UBT Library

Best practices in literacy instruction / (Record no. 43284)

000 -LEADER
fixed length control field 00892cam a22002654a 4500
001 - CONTROL NUMBER
control field 13059387
005 - DATE AND TIME OF LATEST TRANSACTION
control field 20180223080539.0
008 - FIXED-LENGTH DATA ELEMENTS--GENERAL INFORMATION
fixed length control field 030116s2003 nyua b 001 0 eng
010 ## - LIBRARY OF CONGRESS CONTROL NUMBER
LC control number 2003001091
020 ## - INTERNATIONAL STANDARD BOOK NUMBER
International Standard Book Number 1572308761 (hardcover : alk. paper)
020 ## - INTERNATIONAL STANDARD BOOK NUMBER
International Standard Book Number 1572308753 (pbk. : alk. paper)
040 ## - CATALOGING SOURCE
Original cataloging agency DLC
Transcribing agency DLC
Modifying agency DLC
041 ## - LANGUAGE CODE
Language code of text/sound track or separate title eng
042 ## - AUTHENTICATION CODE
Authentication code pcc
043 ## - GEOGRAPHIC AREA CODE
Geographic area code n-us---
080 ## - UNIVERSAL DECIMAL CLASSIFICATION NUMBER
Universal Decimal Classification number 428.407 les
082 00 - DEWEY DECIMAL CLASSIFICATION NUMBER
Classification number 428.407 les
Edition number 21
100 ## - Rafti
Rafti 49
101 ## - Shkurtesa
Shkurtesa soc
245 00 - TITLE STATEMENT
Title Best practices in literacy instruction /
Statement of responsibility, etc Lesley Mandel Morrow, Linda B. Gambrell, Michael Pressley, editors ; foreword by Dorothy S. Strickland.
504 ## - BIBLIOGRAPHY, ETC. NOTE
Bibliography, etc Includes bibliographical references and index.
906 ## - LOCAL DATA ELEMENT F, LDF (RLIN)
a 7
b cbc
c orignew
d 1
e ecip
f 20
g y-gencatlg
942 ## - ADDED ENTRY ELEMENTS (KOHA)
Source of classification or shelving scheme
Item type Books
Holdings
Withdrawn status Lost status Source of classification or shelving scheme Damaged status Not for loan Collection code Permanent location Current location Shelving location Date acquired Total Checkouts Full call number Barcode Date last seen Price effective from Koha item type
          Koleksioni i përgjithshem UBT - Lipjan UBT - Lipjan Koleksioni i përgjithshem 02/23/2018   428.407 les 002-2999633 02/23/2018 02/23/2018 Books
UBT Library © 2015-2024. All rights reserved University Education for Business and Technology